| 000 | 00742nam a22002057a 4500 | ||
|---|---|---|---|
| 005 | 20081020092914.0 | ||
| 008 | 081020t xxu||||| |||| 00| 0 eng d | ||
| 010 | _aENG-84020 | ||
| 020 | _a8178297095 | ||
| 020 | _c320.00 (pbk) | ||
| 035 | _aEN-67553 | ||
| 082 | _a658.409 | ||
| 100 | _aAbeywickrama, Kenneth | ||
| 245 |
_aAdventures in management: _ba saga of managing in a developing country / _cby Kenneth Abeywickrama |
||
| 260 |
_aNew Delhi _bResponse Books |
||
| 260 | _c2007 | ||
| 300 |
_a224p _c22cm (pbk) |
||
| 942 |
_2ddc _cEN _h658.409 _mABE |
||
| 999 |
_c16987 _d16987 |
||